| 000 | 00738nam a2200193 i 4500 | ||
|---|---|---|---|
| 001 | 186921 | ||
| 003 | ES-MaACL | ||
| 005 | 20250808022556.0 | ||
| 008 | 170301s1936 sp |||| | spa d | ||
| 100 | 1 |
_aHidalgo, Diego, _d1886-1961 _963566 |
|
| 245 | 1 | 0 |
_aJosé Antonio de Saravia _b: de estudiante extremeño a general de los ejércitos del zar / _cpor Diego Hidalgo. |
| 260 |
_aMadrid : _bEspasa-Calpe, _c1936. |
||
| 300 |
_a288 p., [6] p. de lám. ; _c18 cm. |
||
| 490 | 1 |
_aVidas españolas e hispanoamericanas del siglo XIX ; _v52 |
|
| 600 | 1 | 4 |
_aSaravia, José Antonio de. _9161928 |
| 830 | 0 | 0 |
_aVidas españolas e hispanoamericanas del siglo XIX _v52 _9192640 |
| 852 |
_aES-MaACL _jC-23258 |
||
| 999 |
_c186921 _d186921 |
||